Statistics for Rome Metro Stations on a Map

Click here to take the quiz!

General Stats

  • This quiz has been taken 69 times
  • The average score is 19 of 73

Answer Stats

Line Station % Correct
B (Blue)Colosseo
80%
A (Orange) / B (Blue)Termini
80%
A (Orange)Spagna
50%
A (Orange)Anagnina
50%
A (Orange)Ottaviano
47%
A (Orange)Barberini
43%
A (Orange) / C (Green)San Giovanni
43%
B (Blue)Piramide
40%
B (Blue)Basilica San Paolo
40%
B (Blue)Circo Massimo
40%
A (Orange)Cipro
37%
B (Blue)Laurentina
37%
A (Orange)Repubblica
37%
B (Blue)Tiburtina
37%
B (Blue)Cavour
37%
B (Blue)EUR Fermi
33%
B (Blue)EUR Magliana
33%
B (Blue)Rebibbia
33%
B (Blue)Bologna
33%
B (Blue)Castro Pretorio
30%
A (Orange)Cinecittà
30%
B (Blue)Sant'Agnese
- Annibaliano
30%
B (Blue)Policlinico
30%
A (Orange)Battistini
30%
A (Orange)Re di Roma
27%
B (Blue)Jonio
27%
B (Blue)EUR Palasport
27%
A (Orange)Lepanto
27%
A (Orange)Flaminio
27%
B (Blue)Garbatella
27%
A (Orange)Furio Camillo
27%
B (Blue)Monti Tiburtini
27%
A (Orange)Vittorio Emanuele
27%
C (Green)Lodi
23%
A (Orange)Giulio Agricola
23%
B (Blue)Conca d'Oro
23%
B (Blue)Libia
23%
A (Orange)Ponte Lungo
23%
A (Orange)Manzoni
23%
B (Blue)Santa Maria
del Soccorso
23%
A (Orange)Colli Albani
23%
B (Blue)Ponte Mammolo
23%
A (Orange)Arco di Travertino
23%
B (Blue)Quintiliani
23%
A (Orange)Baldo degli Ubaldi
20%
C (Green)Monte Compatri-Pantano
20%
C (Green)Torre Spaccata
20%
B (Blue)Pietralata
20%
A (Orange)Valle Aurelia
20%
B (Blue)Marconi
20%
A (Orange)Cornelia
17%
C (Green)Pigneto
17%
C (Green)Gardenie
17%
C (Green)Mirti
17%
C (Green)Parco di Centocelle
17%
C (Green)Alessandrino
17%
C (Green)Torre Maura
17%
C (Green)Torrenova
17%
C (Green)Torre Angela
17%
C (Green)Finocchio
17%
A (Orange)Numidio Quadrato
17%
A (Orange)Porta Furba
17%
A (Orange)Subaugusta
17%
C (Green)Giardinetti
13%
C (Green)Borghesiana
13%
C (Green)Bolognetta
13%
C (Green)Graniti
13%
C (Green)Torre Gaia
10%
C (Green)Grotte Celoni
10%
A (Orange)Lucio Sestio
10%
C (Green)Teano
10%
C (Green)Due Leoni-Fontana Candida
7%
C (Green)Malatesta
7%

Score Distribution

Percentile by Number Answered

Percent of People with Each Score

Your Score History

You have not taken this quiz